| 000 | 00635cam a2200205 4500 | ||
|---|---|---|---|
| 001 | ABS61820 | ||
| 008 | 000000n2000 000 0 eng u | ||
| 035 | _a(Sirsi) u104107 | ||
| 100 | _aSkilbeck, J. | ||
| 245 | _aCompetition Act 1998 (2) | ||
| 260 | _c2000 | ||
| 490 |
_aSolicitors' Journal _v144(2) 21 January 2000, 44-46(3) |
||
| 520 | _aSecond in a series of articles on the Competition Act 1998. This article reviews Chapter II of the Act which prohibits abuse of a dominant position. | ||
| 590 | _aABS | ||
| 650 | _aCOMPETITION ACT 1998 | ||
| 650 | _aMONOPOLIES | ||
| 650 | _aDOMINANCE | ||
| 690 | _aLAW | ||
| 942 | _n0 | ||
| 999 |
_c62482 _d62482 |
||